000
00219 a2200097 4500
001
16696
100
_a
Graham Burton
245
_a
A nation grew wings
260
_a
Melbourne
_b
Winterset house
_c
090
_c
12596
_d
12596
942
_a
NUST-CAE
_c
M
_c
2887
999
_c
251769
_d
251769